Statistiques concernant Top 50 de l'Année 2003

Cliquez ici pour prendre le quiz!

Statistiques générales

  • Ce quiz a été pris 23 fois
  • Le résultat moyen est 10 sur 50

Statistiques - réponses

ArtistesChansons% Correct
42KYO feat. SITALe chemin
79%
14KYODernière danse
74%
8JUSTIN TIMBERLAKECry me a river
68%
11FLORENT PAGNYMa liberté de penser
68%
2EVANESCENCEBring me to life
53%
17TATUAll the things she said
47%
26BEYONCE feat. JAY-ZCrazy in love
47%
31DIAM'SD.J.
47%
6ROBBIE WILLIAMSFeel
42%
39THE RASMUSIn the shadows
42%
22EMINEMLose yourself
42%
12BENNY BENASSISatisfaction
37%
10D.J. BOBOChihuahua
32%
46AVRIL LAVIGNESk8er boi
32%
1DIDOWhite flag
32%
21CHIMENE BADIEntre nous
26%
45PASCAL OBISPOFan
26%
30BLUE feat. ELTON JOHNSorry seems to be the hardest word
21%
37113Au summum
16%
43JOCELYNE LABYLLE & CHEELALaisse parler les gens
16%
4CRAIG DAVID & STINGRise and fall
16%
35JAY-Z feat. BEYONCE KNOWLES'03 Bonnie and Clyde
11%
27BEYONCE feat. SEAN PAULBaby boy
11%
29B2K & P. DIDDYBump, bump, bump
11%
3PHIL COLLINSCan't stop loving you
11%
19EVANESCENCEGoing under
11%
34BUSTA RHYMES & MARIAH CAREYI know what you want
11%
41JENNIFER LOPEZ feat. JADAKISS & STYLESJenny from the block
11%
44TRAGEDIESexy pour moi
11%
28MADONNAAmerican life
5%
47BLU CANTRELL feat. SEAN PAULBreathe
5%
13NIVEADon't mess with my man
5%
9SHAGGYHey sexy lady
5%
23KYOJe cours
5%
5M.C. SOLAARLa vie est belle
5%
18SEALLove's divine
5%
32SHAKIRAObjection (tango)
5%
25JUSTIN TIMBERLAKERock your body
5%
20CELINE DIONTout l'or des hommes
5%
49JENNIFER LOPEZ feat. L.L. COOL J.All I have
0%
50SARAH CONNORHe's unbelievable
0%
33PEARLJ'ai des choses à te dire
0%
36FLORENT PAGNYJe trace
0%
16PINKJust like a pill
0%
48SHANIA TWAINKa-ching!
0%
15LUMIDEENever leave you (uh-oooh)
0%
7LESLIE feat. MAGIC SYSTEM & SWEETYOn n'sait jamais
0%
38THE UNDERDOG PROJECTSummer jam 2003
0%
40SUGAR DADDYSweet soca music
0%
24THE BLACK EYED PEASWhere is the love?
0%

Distribution des résultats

Percentile par nombre de réponses

% des personnes avec chaque résultat

Votre développement - résultats

Vous n’avez pas pris ce quiz